Livros dos desafios (Record no. 75181)

MARC details
000 -LÍDER
campo de controle de tamanho fixo 00311 a2200145 4500
001 - NÚMERO DE CONTROLE
campo de controle 75181
020 ## - ISBN - INTERNATIONAL STANDARD BOOK NUMBER
ISBN - International Standard Book Number 9788578417703
040 ## - FONTE DA CATALOGAÇÃO
Instituição que transcreveu o registro Anchieta - Colégio São Paulo
240 10 - TÍTULO UNIFORME
Título uniforme Livros dos desafios
Idioma da obra por
245 10 - TÍTULO
Título Livros dos desafios
300 ## - DESCRIÇÃO FÍSICA
Extensão 199
362 0# - DATAS DE PUBLICAÇÃO E/OU DESIGNAÇÃO SEQUENCIAL
Datas de publicação e/ou designação sequencial 2012
650 #4 - ASSUNTO--TERMO TÓPICO
Cabeçalho tópico ou nome geográfico Leitura
942 ## - ELEMENTOS DE ENTRADA ADICIONADOS (KOHA)
Tipo de material Koha Livros
Holdings
Situação do descarte Situação das perdas Situação física Não pode ser emprestado Biblioteca de origem Biblioteca atual Data de aquisição Total de empréstimos Número de chamada completo Código de barras Data de último acesso Data do preço efetivo Tipo de material Koha
        Colégio São Paulo Colégio São Paulo 22/11/2023   372.4 L767 6503/CSP 22/11/2023 22/11/2023 Livros